Normal view
MARC view
- Computer software
Entry Topical Term
001 - CONTROL NUMBER
- control field: 96404
003 - CONTROL NUMBER IDENTIFIER
- control field: NUST
005 - DATE AND TIME OF LATEST TRANSACTION
- control field: 20220803121622.0
008 - FIXED-LENGTH DATA ELEMENTS
- fixed length control field: 220803|| aca||aabn | a|a d
040 ## - CATALOGING SOURCE
- Original cataloging agency: NUST
- Transcribing agency: NUST
150 ## - HEADING--TOPICAL TERM
- Topical term or geographic name entry element: Computer software
- General subdivision: Reusability
670 ## - SOURCE DATA FOUND
- Source citation: Work cat.: (NUST)174843: Software reusability / , c1989.
